[Event "Muensterland Verbandsliga 0910"]
[Site "Germany"]
[Date "2010.05.08"]
[Round "9.5"]
[White "Meyer, Ulrich"]
[Black "Wendker, Christian"]
[Result "1/2-1/2"]
[WhiteElo "1886"]
[BlackElo "1983"]
[PlyCount "105"]
[EventDate "2009.09.26"]
[EventType "team-tourn"]
[EventRounds "9"]
[EventCountry "GER"]
[SourceTitle "EXT 2011"]
[Source "ChessBase"]
[SourceDate "2010.11.26"]
[SourceVersion "1"]
[SourceVersionDate "2010.11.26"]
[SourceQuality "1"]
[WhiteTeam "Sendenhorst"]
[BlackTeam "Ostbevern Westbevern"]
[WhiteTeamCountry "GER"]
[BlackTeamCountry "GER"]

1. e4 g6 2. d4 c6 3. c3 Bg7 4. Bd3 d5 5. e5 c5 6. Be3 Nc6 7. f4 cxd4 8. cxd4 Nh6 9. Nf3 Bg4 10. Nbd2 0-0 11. Qb3 Bf5 12. Be2 Ng4 13. Bf2 Na5 14. Qa4 Qb6 15. b4 Nc6 16. b5 Na5 17. Rc1 Rac8 18. 0-0 Nxf2 19. Kxf2 f6 20. Kg1 Rfd8 21. Kh1 Bh6 22. g3 Be4 23. h3 fxe5 24. dxe5 Rxc1 25. Rxc1 Qe3 26. Qxa5 b6 27. Qa4 Qxe2 28. Qd1 Qxd1+ 29. Rxd1 Bd3 30. Nd4 g5 31. fxg5 Bg7 32. Ne6 Rc8 33. Nxg7 Kxg7 34. Nb3 Bxb5 35. Nd4 Bc4 36. Rd2 Kg6 37. h4 Rf8 38. Kg2 Rf1 39. Kh3 Re1 40. e6 a6 41. g4 Re3+ 42. Kg2 b5 43. Kf2 Re4 44. Kg3 b4 45. Nc6 Rxe6 46. Nxb4 Re3+ 47. Kf2 Re5 48. Nc6 Re4 49. Kf3 e6 50. Na5 Bb5 51. Nb7 Bc6 52. Nc5 Re1 53. Nxa6 1/2-1/2

[Event "Muensterland Verbandsliga 0809"]
[Site "Germany"]
[Date "2008.12.13"]
[Round "4.5"]
[White "Stroessner, Lena"]
[Black "Wendker, Christian"]
[Result "1-0"]
[WhiteElo "1895"]
[BlackElo "2022"]
[PlyCount "29"]
[EventDate "2008.09.20"]
[EventType "tourn"]
[EventRounds "9"]
[EventCountry "GER"]
[SourceTitle "EXT 2010"]
[Source "ChessBase"]
[SourceDate "2010.11.25"]
[SourceVersion "1"]
[SourceVersionDate "2010.11.25"]
[SourceQuality "1"]
[WhiteTeam "Olfen"]
[BlackTeam "Westbevern"]
[WhiteTeamCountry "GER"]
[BlackTeamCountry "GER"]

1. Nf3 f5 2. d3 Nf6 3. e4 d6 4. e5 Ng4 5. d4 dxe5 6. h3 e4 7. Ng5 Nf6 8. Bc4 Nd5 9. Nxe4 Nb6 10. Bb3 e6 11. Ng5 Qf6 12. 0-0 Nc6 13. Bxe6 Nxd4 14. Bf7+ Kd8 15. Bb3 1-0

[Event "Muensterland Verbandsliga 0708"]
[Site "Germany"]
[Date "2007.12.08"]
[Round "4.6"]
[White "Wendker, Christian"]
[Black "Junker, Axel"]
[Result "1/2-1/2"]
[WhiteElo "2022"]
[BlackElo "1840"]
[PlyCount "106"]
[EventDate "2007.09.08"]
[EventType "team-tourn"]
[EventRounds "9"]
[EventCountry "GER"]
[SourceTitle "EXT 2009"]
[Source "ChessBase"]
[SourceDate "2008.11.26"]
[SourceVersion "1"]
[SourceVersionDate "2008.11.26"]
[SourceQuality "1"]
[WhiteTeam "Westbevern"]
[BlackTeam "Telgte"]
[WhiteTeamCountry "GER"]
[BlackTeamCountry "GER"]

1. e4 Nc6 2. f4 d5 3. e5 f6 4. d4 Bf5 5. Nf3 e6 6. Nc3 Nb4 7. Bd3 Nxd3+ 8. cxd3 Nh6 9. Be3 Be7 10. h3 fxe5 11. dxe5 Bh4+ 12. Kd2 Be7 13. Qb3 b6 14. g4 Bg6 15. Nd4 Qd7 16. Nxe6 Qxe6 17. Nxd5 Qd7 18. f5 0-0-0 19. Nxe7+ Qxe7 20. fxg6 Qxe5 21. Rae1 Qa5+ 22. Kc2 hxg6 23. Qe6+ Kb8 24. Qxg6 Qxa2 25. Qxg7 Nf7 26. Bf4 Qa4+ 27. Kb1 Qxf4 28. Rhf1 Qg3 29. Qxf7 Qxd3+ 30. Kc1 Rd6 31. Qf3 Rd5 32. Qxd3 Rxd3 33. Re7 Rdxh3 34. Rff7 Rc8 35. Rg7 Kb7 36. Kd2 Rh2+ 37. Kc3 Kc6 38. b4 Rh3+ 39. Kc4 b5+ 40. Kd4 Rd8+ 41. Ke4 Rc8 42. Re5 a6 43. Rg6+ Kb7 44. Kf5 Rf3+ 45. Kg5 Rb3 46. Re4 Rc3 47. Rf6 Rg8+ 48. Kf4 Rc4 49. Rxc4 bxc4 50. Re6 c3 51. Re3 c2 52. Rc3 Rf8+ 53. Kg3 Kb6 1/2-1/2

[Event "Muensterland Verbandsliga 0506"]
[Site "Germany"]
[Date "2006.01.28"]
[Round "6.7"]
[White "Wendker, Christian"]
[Black "Busch, Martin"]
[Result "1/2-1/2"]
[WhiteElo "2022"]
[BlackElo "2114"]
[PlyCount "64"]
[EventDate "2005.08.27"]
[EventType "team-tourn"]
[EventRounds "9"]
[EventCountry "GER"]
[SourceTitle "EXT 2006"]
[Source "ChessBase"]
[SourceDate "2005.11.24"]
[SourceVersion "1"]
[SourceVersionDate "2005.11.24"]
[SourceQuality "1"]
[WhiteTeam "Westbevern"]
[BlackTeam "Muenster II"]
[WhiteTeamCountry "GER"]
[BlackTeamCountry "GER"]

1. e4 c6 2. d4 d5 3. e5 c5 4. c3 Nc6 5. Na3 cxd4 6. cxd4 Bf5 7. Bd3 Bxd3 8. Qxd3 e6 9. Ne2 Nge7 10. 0-0 Nf5 11. Nc2 Qb6 12. Rd1 Rc8 13. Bg5 h6 14. Bc1 Be7 15. Rb1 0-0 16. Kh1 f6 17. f4 fxe5 18. dxe5 Qf2 19. Bd2 Bc5 20. b4 Bb6 21. Rf1 Qh4 22. a4 Rf7 23. a5 Bc7 24. Rg1 h5 25. h3 Rcf8 26. Bc3 g6 27. g4 hxg4 28. Rxg4 Qh6 29. b5 Nce7 30. Rbg1 Rh7 31. Ncd4 Kf7 32. Kg2 Bd8 1/2-1/2

[Event "NRW Class1 0405"]
[Site "Germany"]
[Date "2005.04.03"]
[Round "8.4"]
[White "Schmoll, Heinz"]
[Black "Wendker, Christian"]
[Result "0-1"]
[WhiteElo "1965"]
[BlackElo "2051"]
[PlyCount "60"]
[EventDate "2004.10.10"]
[EventType "team-tourn"]
[EventRounds "9"]
[EventCountry "GER"]
[SourceTitle "EXT 2006"]
[Source "ChessBase"]
[SourceDate "2005.11.24"]
[SourceVersion "1"]
[SourceVersionDate "2005.11.24"]
[SourceQuality "1"]
[WhiteTeam "Gerresheim II"]
[BlackTeam "Westbevern"]
[WhiteTeamCountry "GER"]
[BlackTeamCountry "GER"]

1. e4 g6 2. d4 c6 3. c4 d5 4. Nc3 Nf6 5. e5 Ne4 6. Nxe4 dxe4 7. Be3 f6 8. Qc2 f5 9. f3 exf3 10. Nxf3 Na6 11. 0-0-0 Be6 12. Kb1 Qb6 13. a3 Bg8 14. Qc3 Qc7 15. d5 Bg7 16. Bh6 Bxh6 17. e6 0-0-0 18. Qxh8 Nc5 19. Be2 Ne4 20. Rhf1 Nf6 21. d6 Rxd6 22. c5 Rxd1+ 23. Rxd1 Qf4 24. Nd4 Qe4+ 25. Ka1 Qxg2 26. Bf3 Qxh2 27. Bxc6 bxc6 28. Nxc6 Qc7 29. Qxf6 exf6 30. e7 Bf7 0-1

[Event "NRW Class1 0304"]
[Site "Germany"]
[Date "2004.02.29"]
[Round "7.7"]
[White "Noelke, Manfred"]
[Black "Wendker, Christian"]
[Result "1/2-1/2"]
[WhiteElo "1895"]
[BlackElo "1956"]
[PlyCount "62"]
[EventDate "2003.09.28"]
[EventType "team-tourn"]
[EventRounds "9"]
[EventCountry "GER"]
[SourceTitle "CBM 098 Extra"]
[Source "ChessBase"]
[SourceDate "2004.03.10"]
[SourceVersion "2"]
[SourceVersionDate "2004.03.10"]
[SourceQuality "1"]
[WhiteTeam "Plettenberg"]
[BlackTeam "Westbevern"]
[WhiteTeamCountry "GER"]
[BlackTeamCountry "GER"]

1. d4 f5 2. Nc3 d5 3. e4 dxe4 4. Bf4 Nf6 5. Bc4 e6 6. Qd2 Bd6 7. 0-0-0 Bxf4 8. Qxf4 Qd6 9. Qg5 0-0 10. f3 Nd5 11. Nge2 h6 12. Qd2 exf3 13. gxf3 Nd7 14. Rdg1 Kh7 15. Bxd5 exd5 16. Nf4 c6 17. Rg6 Rf6 18. Rhg1 Rxg6 19. Rxg6 Qe7 20. Rg1 Nf8 21. Qg2 Qe3+ 22. Kb1 Qxd4 23. Nce2 Qe5 24. Nh5 g6 25. Nef4 Qd6 26. Qg3 Bd7 27. h4 Be8 28. Nxg6 Qxg3 29. Nxf8+ Kg8 30. Nxg3 Kxf8 31. Nxf5 h5 1/2-1/2

[Event "NRW Class1 0304"]
[Site "Germany"]
[Date "2004.02.08"]
[Round "6.7"]
[White "Wendker, Christian"]
[Black "Heuermann, Heinz Burkhard"]
[Result "1-0"]
[WhiteElo "1956"]
[BlackElo "2035"]
[PlyCount "97"]
[EventDate "2003.09.28"]
[EventType "team-tourn"]
[EventRounds "9"]
[EventCountry "GER"]
[SourceTitle "CBM 098 Extra"]
[Source "ChessBase"]
[SourceDate "2004.03.10"]
[SourceVersion "2"]
[SourceVersionDate "2004.03.10"]
[SourceQuality "1"]
[WhiteTeam "Westbevern"]
[BlackTeam "Herford"]
[WhiteTeamCountry "GER"]
[BlackTeamCountry "GER"]

1. e4 c5 2. Nf3 e6 3. d4 cxd4 4. Nxd4 Nf6 5. Bd3 a6 6. 0-0 Bc5 7. Nb3 Ba7 8. Nc3 d6 9. Kh1 Nbd7 10. f4 Qc7 11. Qe2 b5 12. Be3 b4 13. Nd1 0-0 14. c3 Bxe3 15. Qxe3 a5 16. a3 Ra7 17. cxb4 axb4 18. a4 Ra8 19. Nf2 Ba6 20. Rfc1 Qb8 21. h3 Rc8 22. a5 h6 23. Kh2 e5 24. Bxa6 Rxa6 25. Rxc8+ Qxc8 26. Rc1 Qb7 27. g3 Rc6 28. Rxc6 Qxc6 29. Kg1 Qc4 30. Qd3 Qxd3 31. Nxd3 Nxe4 32. Nxb4 Nxg3 33. fxe5 dxe5 34. Nd5 Ne2+ 35. Kf2 Nf4 36. Nxf4 exf4 37. Nd4 Kf8 38. Nc6 Ke8 39. b4 g5 40. b5 h5 41. b6 Nc5 42. b7 Nxb7 43. a6 Nd6 44. a7 g4 45. a8Q+ Kd7 46. hxg4 hxg4 47. Ne5+ Ke6 48. Nxg4 f5 49. Kf3 1-0

[Event "NRW Class1 0304"]
[Site "Germany"]
[Date "2003.12.07"]
[Round "4.7"]
[White "Gikas, Andreas Basilius"]
[Black "Wendker, Christian"]
[Result "1/2-1/2"]
[WhiteElo "2224"]
[BlackElo "1956"]
[PlyCount "50"]
[EventDate "2003.09.28"]
[EventType "team-tourn"]
[EventRounds "9"]
[EventCountry "GER"]
[SourceTitle "CBM 098 Extra"]
[Source "ChessBase"]
[SourceDate "2004.03.10"]
[SourceVersion "2"]
[SourceVersionDate "2004.03.10"]
[SourceQuality "1"]
[WhiteTeam "Godesberg II"]
[BlackTeam "Westbevern"]
[WhiteTeamCountry "GER"]
[BlackTeamCountry "GER"]

1. e4 g6 2. d4 c6 3. Nc3 d5 4. h3 Bg7 5. Nf3 Nf6 6. Bd3 dxe4 7. Nxe4 Nbd7 8. 0-0 0-0 9. Re1 Qc7 10. c4 Nxe4 11. Bxe4 e5 12. dxe5 Nxe5 13. Nxe5 Bxe5 14. Qc2 Be6 15. Bh6 Rfe8 16. Rad1 Rad8 17. b3 Bf4 18. Bxf4 Qxf4 19. Qe2 Rxd1 20. Qxd1 Qg5 21. Re3 Rd8 22. Rd3 Rxd3 23. Qxd3 Qc1+ 24. Kh2 Qf4+ 25. Kg1 Qc1+ 1/2-1/2

[Event "Muensterland Verbandsliga 0203"]
[Site "Muensterland"]
[Date "2002.11.16"]
[Round "3.8"]
[White "Wendker, Christian"]
[Black "Fischer, Andreas"]
[Result "1-0"]
[WhiteElo "1930"]
[BlackElo "1857"]
[PlyCount "59"]
[EventDate "2002.09.21"]
[EventType "team-tourn"]
[EventRounds "9"]
[EventCountry "GER"]
[SourceTitle "EXT 2004"]
[Source "ChessBase"]
[SourceDate "2003.11.25"]
[SourceVersion "1"]
[SourceVersionDate "2003.11.25"]
[SourceQuality "1"]
[WhiteTeam "Westbevern"]
[BlackTeam "Saerbeck Falke"]
[WhiteTeamCountry "GER"]
[BlackTeamCountry "GER"]

1. e4 e5 2. Nc3 Nc6 3. Bc4 d6 4. d3 Nf6 5. f4 Be6 6. Bb5 exf4 7. Bxf4 Be7 8. Nf3 0-0 9. d4 d5 10. e5 Ne4 11. 0-0 Bg4 12. Qd3 Nb4 13. Qe2 c6 14. Bd3 Ng5 15. Bxg5 Bxg5 16. a3 Nxd3 17. Qxd3 Be7 18. Ne2 Qd7 19. Ng3 h5 20. h3 h4 21. Nxh4 Bxh4 22. hxg4 Qxg4 23. Nf5 Rae8 24. Rf3 Re6 25. Rh3 g5 26. Kh2 Qf4+ 27. g3 Qf2+ 28. Kh1 c5 29. Rf1 c4 30. Rxf2 1-0